| 000 | 01009nam a22002297a 4500 | ||
|---|---|---|---|
| 005 | 20220201105145.0 | ||
| 008 | s2553 th tha d | ||
| 020 | _a9789740327479 | ||
| 041 | _atha | ||
| 050 | _aHQ734 ศ481ส 2553 | ||
| 100 | 0 | _aศิริรัตน์ ศิริวรรณ | |
| 245 | 1 | 0 | _aสถาบันครอบครัว : พัฒนาการและการเปลี่ยนแปลง |
| 260 | 3 |
_aกรุงเทพฯ : _bโรงพิมพ์จุฬาลงกรณ์มหาวิทยาลัย, _c2553 |
|
| 300 |
_a173 หน้า ; _b 26 ซม. |
||
| 650 | 0 | 4 | _aความสัมพันธ์ในครอบครัว |
| 650 | 0 | 4 | _aครอบครัว |
| 850 | _aNALT | ||
| 942 |
_cGB _01 |
||
| 997 | _a39304 ฉ.1 / 39305 ฉ.2 | ||
| 997 | _c000000000064020 | ||
| 998 |
_aนางสาวจำเรียง ประสงค์ดี _j2118 _k วิภาวรรณ เส็งจีน |
||
| 999 |
_c64020 _d64020 |
||